|
|
|
|
| LEADER |
00000nam2a2200000 4500 |
| 001 |
51725 |
| 005 |
20231031040555.0 |
| 010 |
|
|
|a 5704608906
|
| 035 |
|
|
|a (RuTPU)RU\TPU\book\54151
|
| 090 |
|
|
|a 51725
|
| 100 |
|
|
|a 20030507d2002 m y0rusy50 ca
|
| 101 |
0 |
|
|a rus
|
| 102 |
|
|
|a RU
|
| 105 |
|
|
|a a j 001zy
|
| 200 |
0 |
|
|a Ч. 1: Современная теплоэнергетика
|f А. Д. Трухний, А. А. Макаров, В. В. Клименко
|
| 210 |
|
|
|d 2002
|
| 215 |
|
|
|a 368 с.
|c ил.
|
| 320 |
|
|
|a Словарь основных терминов: с. 349-367
|
| 461 |
|
1 |
|0 (RuTPU)RU\TPU\book\54644
|y 5-7046-0889-2
|t Основы современной энергетики
|o курс лекций для менеджеров энергетических компаний
|o в 2 ч.
|f под ред. Е. В. Аметистова
|v Ч. 1: Современная теплоэнергетика
|d 2002-2003
|
| 610 |
1 |
|
|a энергетика
|
| 610 |
1 |
|
|a история
|
| 610 |
1 |
|
|a прогноз
|
| 610 |
1 |
|
|a экология
|
| 610 |
1 |
|
|a топливно-энергетический комплекс
|
| 610 |
1 |
|
|a тепловые электростанции
|
| 610 |
1 |
|
|a ТЭС
|
| 610 |
1 |
|
|a ТЭЦ
|
| 610 |
1 |
|
|a устройство
|
| 610 |
1 |
|
|a функционирование
|
| 610 |
1 |
|
|a органическое топливо
|
| 610 |
1 |
|
|a атомные электростанции
|
| 610 |
1 |
|
|a АЭС
|
| 610 |
1 |
|
|a паровые турбины
|
| 610 |
1 |
|
|a стационарные газотурбинные установки
|
| 610 |
1 |
|
|a парогазовые установки
|
| 610 |
1 |
|
|a теплоэнергетика
|
| 610 |
1 |
|
|a Россия
|
| 610 |
1 |
|
|a зарубежные энергоблоки
|
| 610 |
1 |
|
|a Санкт-Петербург
|
| 610 |
1 |
|
|a Северо-Западная ТЭЦ
|
| 610 |
1 |
|
|a ПГУ-450 Т
|
| 610 |
1 |
|
|a котельные установки
|
| 610 |
1 |
|
|a лекции
|
| 610 |
1 |
|
|a учебные пособия
|
| 675 |
|
|
|a 620.9(07)
|v 3
|
| 675 |
|
|
|a 621.1(07)
|v 3
|
| 700 |
|
1 |
|a Трухний
|b А. Д.
|g Алексей Данилович
|
| 701 |
|
1 |
|a Макаров
|b А. А.
|g Алексей Александрович
|
| 701 |
|
1 |
|a Клименко
|b В. В.
|g Владимир Викторович
|
| 801 |
|
1 |
|a RU
|b 63413507
|c 20030507
|g PSBO
|
| 801 |
|
2 |
|a RU
|b 63413507
|c 20211220
|g PSBO
|
| 942 |
|
|
|c BK
|
| 959 |
|
|
|a 50/20040412
|d 2
|e 1200,00
|f АНЛ:1
|f ЧЗТЛ:1
|
| 959 |
|
|
|a 127/20041011
|d 2
|e 660
|f НФ:2
|
| 959 |
|
|
|a 16/20050214
|d 10
|e 0
|f НФ:10
|